[Event "Titled Tue 10th Jun Early"]
[Site "chess.com INT"]
[Date "2025.06.10"]
[Round "10"]
[White "Gales, Randi-Ioan"]
[Black "Manvelyan, Mikayel"]
[Result "0-1"]
[WhiteTitle "CM"]
[BlackTitle "FM"]
[WhiteElo "2243"]
[BlackElo "2362"]
[WhiteFideId "1285360"]
[BlackFideId "13310143"]
[EventDate "2025.06.10"]

1. d4 d5 2. c4 e6 3. Nc3 Nf6 4. cxd5 exd5 5. Bg5 c6 6. e3 Bf5 7. Qf3 Bg6 8. Bxf6
Qxf6 9. Qxf6 gxf6 10. h4 h6 11. h5 Bh7 12. Nf3 Nd7 13. Kd2 Bd6 14. Bd3 Bxd3 15.
Kxd3 Ke7 16. Nh4 Ke6 17. g4 Rhg8 18. Rhg1 Nb6 19. f4 a5 20. Nf5 Bf8 21. Rae1 Kd7
22. e4 dxe4+ 23. Rxe4 a4 24. Rge1 Rxg4 25. Ne3 Rg3 26. Kc2 a3 27. b3 Bb4 28. d5
Bxc3 29. dxc6+ bxc6 30. Kxc3 Nd5+ 31. Kc4 Ra5 32. b4 Nb6+ 33. Kb3 Rxh5 34. Kxa3
Rhh3 35. Kb2 Rxe3 36. Rd4+ Kc7 37. Rc1 Re2+ 38. Kb1 Rhh2 39. Rc3 Rb2+ 40. Kc1
Rxa2 41. Kb1 Rhb2+ 42. Kc1 Na4 0-1

[Event "Titled Tue 10th Jun Early"]
[Site "chess.com INT"]
[Date "2025.06.10"]
[Round "10"]
[White "Gulkov, Igor A."]
[Black "Jimenez Fernandez, Rebeca"]
[Result "1-0"]
[WhiteTitle "IM"]
[BlackTitle "WFM"]
[WhiteElo "2358"]
[BlackElo "2154"]
[WhiteFideId "4120973"]
[BlackFideId "32070934"]
[EventDate "2025.06.10"]

1. Nf3 Nf6 2. c4 e6 3. Nc3 d5 4. d4 Bb4 5. Bg5 h6 6. Bxf6 Qxf6 7. e3 O-O 8. Rc1
dxc4 9. Bxc4 c5 10. O-O cxd4 11. Ne4 Qg6 12. Bd3 f5 13. Ng3 dxe3 14. fxe3 Nc6
15. e4 f4 16. e5 Qe8 17. Ne4 Qh5 18. Qb3 Ba5 19. Bc4 Bb6+ 20. Kh1 Nxe5 21. Bxe6+
Kh8 22. Bxc8 Raxc8 23. Qd5 Rxc1 24. Rxc1 Re8 25. Nd6 Re7 26. Nxe5 Kh7 27. Qd3+
g6 28. Nf3 Rd7 29. Qe4 Qa5 30. Nc4 Qc5 31. h3 Rc7 32. b3 Ba5 33. Rf1 Bb4 34.
Nce5 Re7 35. Qxg6+ Kh8 36. Nf7+ Rxf7 37. Qxf7 1-0

[Event "Titled Tue 10th Jun Early"]
[Site "chess.com INT"]
[Date "2025.06.10"]
[Round "10"]
[White "Khazan, Yevgeny"]
[Black "Chaulagain, Purusottam"]
[Result "1-0"]
[WhiteTitle "CM"]
[BlackTitle "CM"]
[WhiteElo "2135"]
[BlackElo "1952"]
[WhiteFideId "2806193"]
[BlackFideId "12300730"]
[EventDate "2025.06.10"]

1. d4 d5 2. c4 e6 3. Nf3 c6 4. g3 Nf6 5. Bg2 dxc4 6. O-O b5 7. Ne5 Bb7 8. a4 Qb6
9. b3 cxb3 10. Qxb3 a6 11. Rd1 Bd6 12. Nc4 Qc7 13. Nxd6+ Qxd6 14. Ba3 Qc7 15.
Nc3 Nbd7 16. e4 Nb6 17. e5 Nfd5 18. Ne4 Nxa4 19. Nd6+ Kd8 20. Bxd5 exd5 21. Qf3
Rf8 22. Nxb7+ Qxb7 23. Bxf8 Nb6 24. Bxg7 Nc4 25. Qf6+ Kc8 26. e6 fxe6 27. Qxe6+
Kb8 28. Be5+ Ka7 29. Rdb1 Kb6 30. Bd6 Nxd6 31. Qxd6 Re8 32. Qc5+ Kc7 33. Re1 Qc8
34. Rxe8 Qxe8 35. Kf1 Qe4 36. Re1 Qh1+ 37. Ke2 Qe4+ 38. Kd2 1-0

[Event "Titled Tue 10th Jun Early"]
[Site "chess.com INT"]
[Date "2025.06.10"]
[Round "10"]
[White "Araujo Filho, Luiz Antonio Coel"]
[Black "Sihite, Chelsie Monica Ignesias"]
[Result "0-1"]
[BlackTitle "WIM"]
[WhiteElo "2077"]
[BlackElo "2223"]
[WhiteFideId "2130661"]
[BlackFideId "7101198"]
[EventDate "2025.06.10"]

1. d4 Nf6 2. Nf3 c5 3. e3 cxd4 4. exd4 g6 5. Be2 Bg7 6. O-O O-O 7. b3 d6 8. Bb2
Bf5 9. Re1 Nbd7 10. c4 Bg4 11. Nbd2 b6 12. h3 Bxf3 13. Nxf3 Rc8 14. Rc1 Re8 15.
Bd3 Nf8 16. Bb1 h6 17. Qd2 Qd7 18. Re2 e6 19. Bd3 N6h7 20. Rce1 a5 21. h4 a4 22.
Qf4 axb3 23. axb3 Ra8 24. h5 g5 25. Qd2 Nf6 26. Nxg5 hxg5 27. Qxg5 N8h7 28. Qh4
Bh6 29. f4 Ra2 30. Bb1 Rxb2 31. Rxb2 Kh8 32. Rf2 Rg8 33. f5 e5 34. Rf3 Rg4 35.
Qf2 exd4 36. Rg3 Be3 37. Rgxe3 dxe3 38. Qxe3 Qc6 39. Qh3 Ng5 40. Qh2 Nf3+ 0-1

[Event "Titled Tue 10th Jun Early"]
[Site "chess.com INT"]
[Date "2025.06.10"]
[Round "10"]
[White "Souleidis, Georgios"]
[Black "Mishra, Manoj"]
[Result "1-0"]
[WhiteTitle "IM"]
[BlackTitle "CM"]
[WhiteElo "2418"]
[BlackElo "1941"]
[WhiteFideId "4206827"]
[BlackFideId "5006007"]
[EventDate "2025.06.10"]

1. e4 Nf6 2. e5 Nd5 3. d4 d6 4. Nf3 dxe5 5. Nxe5 g6 6. Bc4 c6 7. O-O Bg7 8. Re1
O-O 9. c3 Nd7 10. Nf3 N7f6 11. h3 Nh5 12. Nbd2 Nhf4 13. Bf1 Bf5 14. Nc4 f6 15.
Ne3 Nxe3 16. fxe3 Ne6 17. e4 Bxh3 18. gxh3 f5 19. exf5 Rxf5 20. Rxe6 Qd5 21. Qb3
Rxf3 22. Qxd5 cxd5 23. Bg2 Rf5 24. Rxe7 Raf8 25. Be3 g5 26. Rf1 h5 27. Rxf5 Rxf5
28. Rxb7 g4 29. hxg4 hxg4 30. Rd7 g3 31. Bxd5+ Kf8 32. Be4 Rf6 33. d5 Ra6 34. a3
Ra4 35. Bg6 Rg4 36. Bf5 Rh4 37. Bc5+ Kg8 38. Be6+ Kh7 39. Bd4 Rh1+ 40. Kxh1 g2+
41. Kxg2 1-0

[Event "Titled Tue 10th Jun Early"]
[Site "chess.com INT"]
[Date "2025.06.10"]
[Round "10"]
[White "Tristan, Leonardo"]
[Black "Punin, Andrii"]
[Result "1-0"]
[WhiteTitle "GM"]
[BlackTitle "FM"]
[WhiteElo "2536"]
[BlackElo "2289"]
[WhiteFideId "113816"]
[BlackFideId "14112639"]
[EventDate "2025.06.10"]

1. d4 Nf6 2. Nf3 e6 3. Bf4 b6 4. e3 Be7 5. h3 O-O 6. Nbd2 c5 7. c3 cxd4 8. exd4
d6 9. a4 Ba6 10. Bxa6 Nxa6 11. O-O Qd7 12. Qe2 Nc7 13. Rfe1 Rfe8 14. Bh2 Bf8 15.
Qd3 a6 16. Nc4 Ncd5 17. Ne3 Nxe3 18. fxe3 d5 19. Nd2 Bd6 20. Bxd6 Qxd6 21. e4
dxe4 22. Nxe4 Nxe4 23. Rxe4 a5 24. Rf1 Ra7 25. Re5 f6 26. Rb5 Rc7 27. Qe3 Qd7
28. Rxb6 Qxa4 29. Rxe6 Rxe6 30. Qxe6+ Rf7 31. Rf5 Qa1+ 32. Kh2 Qxb2 33. Rc5 Qb8+
34. Kg1 Qb1+ 35. Kf2 g5 36. Rc7 Qc2+ 37. Kg3 Qd3+ 38. Kh2 Qg6 39. d5 Kg7 40. d6
g4 41. Qxg4 Qxg4 42. hxg4 Kg6 43. d7 1-0

[Event "Titled Tue 10th Jun Early"]
[Site "chess.com INT"]
[Date "2025.06.10"]
[Round "10"]
[White "Diachek, Andrii"]
[Black "Andrade, Ivan"]
[Result "1-0"]
[WhiteTitle "CM"]
[BlackTitle "FM"]
[WhiteElo "2177"]
[BlackElo "2144"]
[WhiteFideId "34106499"]
[BlackFideId "14800039"]
[EventDate "2025.06.10"]

1. c4 Nf6 2. Nc3 e5 3. Nf3 Nc6 4. a3 a5 5. e4 Be7 6. d4 exd4 7. Nxd4 d6 8. Be2
O-O 9. O-O Nd7 10. Be3 Bf6 11. Ndb5 Nb6 12. Qd2 Bxc3 13. Nxc3 Nd7 14. Rfd1 h6
15. Nd5 Nf6 16. f3 Nxd5 17. cxd5 Ne5 18. Rac1 Re8 19. Qc3 Re7 20. Bd4 f6 21. f4
Ng6 22. Bxf6 gxf6 23. Qxf6 Nh8 24. Rd3 Qf8 25. Rg3+ Rg7 26. Qxh6 Rxg3 27. Qxf8+
Kxf8 28. hxg3 c5 29. dxc6 bxc6 30. Rxc6 Nf7 31. Bc4 Bd7 32. Rc7 Be8 33. b3 a4
34. b4 Nd8 35. Bd5 Rb8 36. g4 Bf7 37. Bxf7 Nxf7 38. g5 Nh8 39. f5 Re8 40. g6 Kg8
41. f6 Rxe4 42. Rc8+ Re8 43. Rxe8# 1-0

[Event "Titled Tue 10th Jun Early"]
[Site "chess.com INT"]
[Date "2025.06.10"]
[Round "10"]
[White "Sahetchian, Armand"]
[Black "Looi, Xin Hao"]
[Result "0-1"]
[WhiteTitle "CM"]
[BlackTitle "CM"]
[WhiteElo "2024"]
[BlackElo "2009"]
[WhiteFideId "607150"]
[BlackFideId "5702828"]
[EventDate "2025.06.10"]

1. d4 d5 2. Nf3 Nf6 3. g3 c6 4. Bg2 Bg4 5. Ne5 Nbd7 6. Nxg4 Nxg4 7. e4 Ngf6 8.
exd5 cxd5 9. O-O e6 10. c3 Bd6 11. Nd2 O-O 12. Nf3 b5 13. Re1 Qc7 14. Qb3 Rab8
15. Bg5 Ne4 16. Be3 b4 17. cxb4 Rxb4 18. Qd1 Rxb2 19. a4 Qa5 20. Qc1 Rfb8 21.
Qc6 Qc7 22. Rac1 Qxc6 23. Rxc6 h6 24. Bf1 Bb4 25. Rec1 Nb6 26. Rc7 Nxa4 27. Rxa7
Nac3 28. Ne5 Nd6 29. Nc6 Ncb5 30. Bxb5 Nxb5 31. Ra4 Nc3 32. Rxc3 Bxc3 33. Nxb8
Rxb8 34. Kf1 Rb4 35. Ra8+ Kh7 36. Bd2 Bxd2 0-1

[Event "Titled Tue 10th Jun Early"]
[Site "chess.com INT"]
[Date "2025.06.10"]
[Round "10"]
[White "Sek, Konstantin"]
[Black "Jovic, Stanoje"]
[Result "1-0"]
[WhiteTitle "IM"]
[BlackTitle "FM"]
[WhiteElo "2368"]
[BlackElo "2096"]
[WhiteFideId "24104302"]
[BlackFideId "905020"]
[EventDate "2025.06.10"]

1. e4 c6 2. c4 d5 3. exd5 cxd5 4. cxd5 Nf6 5. Qa4+ Nbd7 6. Nc3 g6 7. Nf3 Bg7 8.
Bc4 O-O 9. d3 a6 10. Qa3 b6 11. O-O Bb7 12. Be3 b5 13. Bb3 Nb6 14. Bxb6 Qxb6 15.
Qxe7 a5 16. d6 a4 17. Bc2 Rac8 18. d7 Rcd8 19. Ne5 Nd5 20. Nxd5 Bxd5 21. Rae1
Qd4 22. b3 a3 23. Qd6 Bxe5 24. Rxe5 Qb2 25. Rxd5 Qxc2 26. Qxa3 Qd2 27. h3 b4 28.
Qa5 h5 29. a3 Qc3 30. Qxb4 Qxb4 31. axb4 Rb8 32. Rc1 Rfd8 33. Rc4 Kf8 34. b5 Ke7
35. Rc7 Rb6 36. d4 Rd6 37. Rxd6 Kxd6 38. b6 Ke7 39. b7 1-0

[Event "Titled Tue 10th Jun Early"]
[Site "chess.com INT"]
[Date "2025.06.10"]
[Round "10"]
[White "Cordeiro, Marco Aurelio Zaror"]
[Black "Maglioni, Leonardo"]
[Result "1-0"]
[WhiteElo "2056"]
[BlackElo "2069"]
[WhiteFideId "2117991"]
[BlackFideId "2896830"]
[EventDate "2025.06.10"]

1. e4 e5 2. Nf3 Nc6 3. Bc4 Nf6 4. Ng5 d5 5. exd5 b5 6. Bxb5 Qxd5 7. Bxc6+ Qxc6
8. O-O Bb7 9. Nf3 Bd6 10. d3 O-O 11. Nc3 Nd5 12. Nxd5 Qxd5 13. Be3 f5 14. Qe2 a6
15. Bd2 Rae8 16. Bc3 e4 17. dxe4 fxe4 18. Nd2 Qg5 19. Nc4 Bc5 20. Ne3 Bc8 21.
Rad1 Kh8 22. Rd5 Qe7 23. Qh5 Bd6 24. Rg5 Rf7 25. Nd5 Qe6 26. Ne3 Ref8 27. Ng4 h6
28. Nxh6 Qxh6 29. Qxh6+ Kg8 30. Rxg7+ 1-0

[Event "Titled Tue 10th Jun Early"]
[Site "chess.com INT"]
[Date "2025.06.10"]
[Round "10"]
[White "Sychev, Klementy"]
[Black "Tsydypov, Zhamsaran"]
[Result "1-0"]
[WhiteTitle "GM"]
[BlackTitle "GM"]
[WhiteElo "2513"]
[BlackElo "2514"]
[WhiteFideId "4114060"]
[BlackFideId "4108566"]
[EventDate "2025.06.10"]

1. e4 c5 2. Nf3 d6 3. d4 cxd4 4. Nxd4 Nf6 5. Nc3 a6 6. Bc4 e6 7. f4 Qc7 8. Bb3
Be7 9. f5 e5 10. Nf3 O-O 11. g4 d5 12. g5 Nxe4 13. Nxd5 Qd8 14. f6 Bc5 15. fxg7
Kxg7 16. Qe2 Bf5 17. Be3 Qa5+ 18. c3 Rd8 19. O-O Rxd5 20. Nh4 Bg6 21. Nxg6 hxg6
22. Rxf7+ Kxf7 23. Bxd5+ Kg7 24. Bxe4 Nc6 25. Rf1 Qb6 26. Bxc5 Qxc5+ 27. Kh1 Nd8
28. Rf6 Nf7 29. Qf3 Nh8 30. Rxg6+ Nxg6 31. Qf6+ Kg8 32. Qxg6+ Kf8 33. Qf6+ Ke8
34. g6 Qf8 35. Qxe5+ Kd8 36. Kg2 Rc8 37. g7 Qf7 38. Qd6+ Ke8 39. Bg6 1-0

[Event "Titled Tue 10th Jun Early"]
[Site "chess.com INT"]
[Date "2025.06.10"]
[Round "10"]
[White "Sarkar, Justin"]
[Black "Vifleemskaia, Svetlana"]
[Result "1-0"]
[WhiteTitle "IM"]
[BlackTitle "WFM"]
[WhiteElo "2284"]
[BlackElo "1942"]
[WhiteFideId "2010011"]
[BlackFideId "4129490"]
[EventDate "2025.06.10"]

1. e4 e5 2. g3 d5 3. Bg2 dxe4 4. Bxe4 f5 5. Bg2 e4 6. d3 Nf6 7. Nc3 exd3 8. cxd3
Bd6 9. Nge2 O-O 10. Qb3+ Kh8 11. Bxb7 Bxb7 12. Qxb7 Nbd7 13. O-O Nc5 14. Qf3 Rb8
15. Qxf5 Nfe4 16. Qh5 Nxc3 17. Nxc3 Nxd3 18. Rb1 Nxc1 19. Rfxc1 Qf6 20. Ne4 Qd4
21. Ng5 Qxf2+ 22. Kh1 h6 23. Rf1 Qxf1+ 24. Rxf1 Rxf1+ 25. Kg2 Rf6 26. Nf7+ Kg8
27. Nxd6 Rxb2+ 28. Kh3 cxd6 29. Qd5+ 1-0

[Event "Titled Tue 10th Jun Early"]
[Site "chess.com INT"]
[Date "2025.06.10"]
[Round "10"]
[White "Chyzy, Jakub"]
[Black "Serra Canals, Oriol"]
[Result "0-1"]
[WhiteTitle "FM"]
[BlackTitle "CM"]
[WhiteElo "2330"]
[BlackElo "2116"]
[WhiteFideId "21806209"]
[BlackFideId "22276084"]
[EventDate "2025.06.10"]

1. b3 f5 2. Bb2 d6 3. e3 Nf6 4. f4 e6 5. Nf3 Be7 6. Bc4 O-O 7. O-O Qe8 8. a4 Kh8
9. Qe1 Qg6 10. Nc3 a6 11. Kh1 d5 12. Ne5 Qh6 13. Be2 Nbd7 14. Qg3 c5 15. Bf3
Nxe5 16. fxe5 Ne4 17. Bxe4 dxe4 18. a5 Bd7 19. Ne2 Bb5 20. c4 Bc6 21. Bc3 Rad8
22. Nf4 Be8 23. Qh3 Qxh3 24. Nxh3 g5 25. Nf2 Bh5 26. g4 Bxg4 27. Nxg4 fxg4 28.
Kg2 h5 29. Kg3 Kg7 30. Kg2 Kg6 31. Rxf8 Rxf8 32. Rf1 Rf3 33. Rxf3 gxf3+ 34. Kf2
g4 35. Kf1 Kf5 36. Kf2 Bh4+ 37. Kf1 g3 38. h3 g2+ 39. Kg1 Bg3 40. b4 Bxe5 41.
Bxe5 Kxe5 42. bxc5 Kf6 43. Kh2 Ke7 44. Kg1 Kd7 45. Kf2 Kc6 46. d4 exd3 47. Kxf3
g1=Q 48. Ke4 Kxc5 0-1

[Event "Titled Tue 10th Jun Early"]
[Site "chess.com INT"]
[Date "2025.06.10"]
[Round "10"]
[White "Fofanov, Ilia"]
[Black "Alikulov, Elbek"]
[Result "0-1"]
[WhiteTitle "CM"]
[BlackTitle "IM"]
[WhiteElo "2182"]
[BlackElo "2305"]
[WhiteFideId "4158962"]
[BlackFideId "14203308"]
[EventDate "2025.06.10"]

1. e4 e6 2. d4 d5 3. e5 c5 4. c3 Nc6 5. Nf3 Qb6 6. a3 c4 7. Be2 Na5 8. Nbd2 Bd7
9. O-O Ne7 10. Rb1 Nb3 11. Nxb3 Ba4 12. Bf4 Nc6 13. Qd2 Bxb3 14. h4 O-O-O 15. h5
h6 16. Bg3 Be7 17. Nh4 Rdg8 18. f4 g5 19. hxg6 fxg6 20. Bg4 Nd8 21. Nf3 Rf8 22.
Bh4 Bxh4 23. Nxh4 Rhg8 24. Rf2 Qc7 25. Rbf1 Qe7 26. Nf3 Nf7 27. Bh3 Nd8 28. g4
Kb8 29. Kh2 Rf7 30. f5 gxf5 31. gxf5 exf5 32. Qxh6 Rh7 33. Qd6+ Qxd6 34. exd6
Nf7 35. Re1 Rgh8 36. Ng1 Nxd6 37. Kg3 Rg7+ 38. Kf4 Rxg1 39. Rxg1 Rxh3 40. Ke5
Rh6 41. Rg7 a6 42. Rd7 Nb5 43. Rxf5 Bc2 44. Rff7 Ka7 45. Rxb7+ Ka8 46. Rbe7 Rh8
47. Kxd5 Bd3 48. Kc5 Rb8 49. d5 Rd8 50. d6 Nxd6 51. Ra7+ Kb8 52. Rfd7 Rxd7 53.
Rxd7 Nc8 54. Rd4 Kb7 0-1

[Event "Titled Tue 10th Jun Early"]
[Site "chess.com INT"]
[Date "2025.06.10"]
[Round "10"]
[White "Swara Lakshmi S Nair"]
[Black "Sobek, Jaroslav"]
[Result "0-1"]
[WhiteTitle "WCM"]
[BlackTitle "FM"]
[WhiteElo "2187"]
[BlackElo "2195"]
[WhiteFideId "25629239"]
[BlackFideId "301388"]
[EventDate "2025.06.10"]

1. e4 c5 2. Nf3 a6 3. d4 cxd4 4. Nxd4 Nf6 5. e5 Qa5+ 6. Nc3 Qxe5+ 7. Be3 Nc6 8.
Nxc6 dxc6 9. Bc4 Bf5 10. h3 e6 11. Qe2 Bb4 12. O-O Bxc3 13. bxc3 O-O 14. Bd4
Qxe2 15. Bxe2 Bxc2 16. f4 Rfe8 17. g4 Be4 18. Rfe1 Nd5 19. Bf1 Bg6 20. Be3 Nxe3
21. Rxe3 Red8 22. Rae1 b5 23. Bg2 Rac8 24. Re5 h5 25. gxh5 Bf5 26. Rc5 Rd6 27.
c4 Kh7 28. cxb5 axb5 29. Re2 Kh6 30. Rb2 Rcd8 31. Rxc6 Rxc6 32. Bxc6 b4 33. Bg2
Rd4 34. Kf2 Rxf4+ 35. Ke3 Rh4 36. Kf2 Kxh5 37. Kg3 Rd4 38. Bf3+ Kh6 39. Rb3 g5
40. a3 bxa3 41. Rxa3 Rd3 42. Rxd3 Bxd3 43. h4 f5 44. Bg2 Kg6 45. Bc6 gxh4+ 46.
Kxh4 Kf6 47. Kg3 e5 48. Kf2 Kg5 49. Ke3 Ba6 50. Bd7 Bb7 51. Be6 f4+ 52. Kf2 e4
53. Bc4 e3+ 54. Kf1 Kg4 55. Be6+ Kg3 56. Bf5 f3 0-1

[Event "Titled Tue 10th Jun Early"]
[Site "chess.com INT"]
[Date "2025.06.10"]
[Round "10"]
[White "Aarit Kapil"]
[Black "Tikhonov, Viacheslav"]
[Result "1-0"]
[WhiteTitle "CM"]
[BlackTitle "CM"]
[WhiteElo "2078"]
[BlackElo "2183"]
[WhiteFideId "33408947"]
[BlackFideId "44196407"]
[EventDate "2025.06.10"]

1. Nf3 g6 2. g3 Bg7 3. Bg2 Nf6 4. O-O O-O 5. d4 d5 6. c4 c6 7. Nc3 dxc4 8. e4
Bg4 9. h3 Bxf3 10. Bxf3 e5 11. dxe5 Nfd7 12. e6 fxe6 13. Be2 Nb6 14. Be3 N8d7
15. f4 Bxc3 16. bxc3 Qe7 17. a4 a5 18. Rb1 Ra6 19. Rb2 Rd8 20. Qc2 Nc5 21. Rfb1
Nb3 22. Kg2 Kf7 23. Rxb3 cxb3 24. Qxb3 Rb8 25. Bxa6 bxa6 26. Bxb6 Qd6 27. Qc4 c5
28. Qxa6 Qd2+ 29. Kh1 Qxc3 30. Qa7+ Kf6 31. e5+ Kf5 32. Rg1 Qf3+ 33. Kh2 Qe2+
34. Rg2 Qd1 35. Qxb8 h5 36. Qf8+ Ke4 37. Qxc5 h4 38. Qe3+ Kf5 39. g4+ Qxg4 40.
hxg4# 1-0

[Event "Titled Tue 10th Jun Early"]
[Site "chess.com INT"]
[Date "2025.06.10"]
[Round "10"]
[White "Grezels, Florian"]
[Black "Mattenberger, Matthias"]
[Result "1-0"]
[WhiteTitle "FM"]
[BlackTitle "FM"]
[WhiteElo "2306"]
[BlackElo "2286"]
[WhiteFideId "20696450"]
[BlackFideId "1339958"]
[EventDate "2025.06.10"]

1. e4 c5 2. Nf3 d6 3. d4 cxd4 4. Nxd4 Nf6 5. Nc3 a6 6. Qf3 g6 7. Bg5 Bg7 8. h3
Qa5 9. Bd2 Qb6 10. Nb3 Nc6 11. O-O-O O-O 12. g4 Be6 13. g5 Nd7 14. h4 Nde5 15.
Qg3 a5 16. Be3 Qc7 17. a4 Nb4 18. Kb1 Rfc8 19. Bd4 Bc4 20. h5 b5 21. hxg6 hxg6
22. f4 bxa4 23. fxe5 axb3 24. cxb3 dxe5 25. Bxc4 exd4 26. Qh3 dxc3 27. bxc3 Qe5
28. Bxf7+ Kf8 29. Rhf1 Qxc3 30. Bxg6+ Kg8 31. Bf7+ Kf8 32. Bc4+ Ke8 33. Qh5# 1-0

[Event "Titled Tue 10th Jun Early"]
[Site "chess.com INT"]
[Date "2025.06.10"]
[Round "10"]
[White "Liu, Xiangyi"]
[Black "Henriquez Villagra, Cristobal"]
[Result "0-1"]
[WhiteTitle "IM"]
[BlackTitle "GM"]
[WhiteElo "2370"]
[BlackElo "2597"]
[WhiteFideId "8605718"]
[BlackFideId "3409350"]
[EventDate "2025.06.10"]

1. e4 c6 2. Nf3 d5 3. Ng1 dxe4 4. Nc3 Nf6 5. Nge2 Bf5 6. Ng3 Bg6 7. h4 h6 8. h5
Bh7 9. Bc4 e6 10. a4 Bc5 11. Qe2 Qd4 12. Rh4 Nbd7 13. Ncxe4 Nxe4 14. Nxe4 Be7
15. c3 Qb6 16. Rh1 Nf6 17. Nxf6+ Bxf6 18. d4 O-O 19. Be3 Qc7 20. f4 Kh8 21. g4
Be7 22. b4 a5 23. Kf2 axb4 24. cxb4 Bxb4 25. g5 Bd6 26. Qg4 Bf5 27. Qh4 Be7 28.
Rhg1 b5 29. Be2 Rxa4 30. Rxa4 bxa4 31. Qh1 a3 32. Qg2 hxg5 33. fxg5 a2 34. Ra1
Bb1 35. Kg1 c5 36. g6 cxd4 37. h6 dxe3 38. hxg7+ Kxg7 39. gxf7+ Kf6 40. Qf3+ Bf5
41. Rxa2 Rxf7 42. Qxe3 Bc5 0-1

[Event "Titled Tue 10th Jun Early"]
[Site "chess.com INT"]
[Date "2025.06.10"]
[Round "10"]
[White "Margl, Roland"]
[Black "Dyulgerov, Volen"]
[Result "1-0"]
[WhiteTitle "FM"]
[BlackTitle "CM"]
[WhiteElo "2289"]
[BlackElo "2200"]
[WhiteFideId "773719"]
[BlackFideId "2918978"]
[EventDate "2025.06.10"]

1. d4 e5 2. dxe5 d6 3. exd6 Bxd6 4. Nf3 Nf6 5. Bg5 h6 6. Bh4 Qe7 7. c3 Nc6 8.
Qb3 O-O 9. Nbd2 Be6 10. Qxb7 Bd5 11. Qa6 Rab8 12. b3 Rfe8 13. e3 g5 14. Bg3 Ng4
15. Qd3 Bxg3 16. hxg3 Rbd8 17. Nd4 Nce5 18. Qf5 c5 19. Nb5 Be6 20. Qc2 Nxf2 21.
Kxf2 Ng4+ 22. Kg1 Nxe3 23. Qe4 Rxd2 24. Qxe3 Red8 25. Bc4 Rd1+ 26. Rxd1 Rxd1+
27. Kh2 Rxh1+ 28. Kxh1 Qf6 29. Bxe6 fxe6 30. Nd6 g4 31. Ne4 Qf1+ 32. Kh2 h5 33.
Qg5+ Kf8 34. Qf6+ Qxf6 35. Nxf6 Kf7 36. Nxh5 Kg6 37. Nf4+ Kf5 38. Kg1 e5 39. Nd3
Ke4 40. Nxc5+ Ke3 41. Kf1 Kd2 42. Ne4+ Kd3 43. Nf6 Kxc3 44. Nxg4 e4 45. Ke2 Kb2
46. Ne3 Kxa2 47. b4 a5 48. bxa5 1-0

[Event "Titled Tue 10th Jun Early"]
[Site "chess.com INT"]
[Date "2025.06.10"]
[Round "10"]
[White "Burmakin, Evgeniy"]
[Black "Brenke, Andreas"]
[Result "1/2-1/2"]
[WhiteTitle "FM"]
[BlackTitle "FM"]
[WhiteElo "2110"]
[BlackElo "2349"]
[WhiteFideId "4163729"]
[BlackFideId "4602900"]
[EventDate "2025.06.10"]

1. e4 c6 2. Nc3 d5 3. Nf3 dxe4 4. Nxe4 Nf6 5. Qe2 Na6 6. Nxf6+ gxf6 7. d4 h5 8.
Be3 h4 9. h3 Nb4 10. c3 Nd5 11. Bd2 Bf5 12. c4 Nc7 13. Qe3 Qd7 14. Bd3 Bh6 15.
Qe2 O-O-O 16. O-O-O e5 17. Bxh6 Bxd3 18. Rxd3 Rxh6 19. Rhd1 Qe6 20. dxe5 Qxc4+
21. Kb1 Rxd3 22. Rxd3 Nd5 23. Qd2 Rg6 24. exf6 Rxg2 25. b3 Qe4 26. Kb2 a5 27. a3
Kb8 28. Ne1 Rg1 29. Nc2 Qh1 30. Rd4 Rb1+ 31. Ka2 Rc1 32. Kb2 Rb1+ 33. Ka2 Rc1
34. Kb2 Rb1+ 1/2-1/2

[Event "Titled Tue 10th Jun Early"]
[Site "chess.com INT"]
[Date "2025.06.10"]
[Round "10"]
[White "Rozman, Levy"]
[Black "Xue, Haowen"]
[Result "0-1"]
[WhiteTitle "IM"]
[BlackTitle "GM"]
[WhiteElo "2324"]
[BlackElo "2518"]
[WhiteFideId "2039877"]
[BlackFideId "8625492"]
[EventDate "2025.06.10"]

1. d4 Nf6 2. Bg5 d5 3. Nd2 c5 4. e3 cxd4 5. exd4 Qb6 6. Nb3 Nc6 7. Nf3 Ne4 8.
Be3 Bf5 9. Bd3 e6 10. Nh4 Bd6 11. f3 Bb4+ 12. c3 Nxc3 13. bxc3 Bxc3+ 14. Ke2
Bxd3+ 15. Qxd3 Bxa1 16. Rxa1 O-O 17. a3 Qd8 18. g3 e5 19. Kf2 Re8 20. Nf5 e4 21.
fxe4 dxe4 22. Qb5 Qd7 23. g4 Rad8 24. Nc5 Qc7 25. Kg2 b6 26. Na6 Qd7 27. Rc1 Re6
28. Nb4 a6 29. Qxa6 Nxb4 30. axb4 Rg6 31. Ng3 Qxg4 32. Rf1 h5 33. Kh1 h4 0-1

[Event "Titled Tue 10th Jun Early"]
[Site "chess.com INT"]
[Date "2025.06.10"]
[Round "10"]
[White "Ughuzov, Ravan"]
[Black "Aswath, S"]
[Result "1-0"]
[WhiteTitle "FM"]
[BlackTitle "IM"]
[WhiteElo "2295"]
[BlackElo "2507"]
[WhiteFideId "13419315"]
[BlackFideId "46694919"]
[EventDate "2025.06.10"]

1. e4 d6 2. d4 Nf6 3. Nc3 e5 4. Nf3 Nbd7 5. Rg1 c6 6. g4 h6 7. h4 exd4 8. Nxd4
Nc5 9. Qe2 g6 10. f3 Bg7 11. Be3 O-O 12. O-O-O Qa5 13. Kb1 Re8 14. Qd2 h5 15.
gxh5 Nxh5 16. Bh6 Bf6 17. Bc4 Ne6 18. Nf5 Kh7 19. Nxd6 Rd8 20. Qe3 Qb4 21. a3
Qb6 22. Nxf7 Bd4 23. Rxd4 Rxd4 24. Bxe6 Bxe6 25. Ng5+ Kh8 26. Nxe6 Rd6 27. Qxb6
axb6 28. Nf4 Kh7 29. Bg5 Nxf4 30. Bxf4 Rf6 31. Ne2 Raf8 32. Rg4 Rd8 33. Kc1 Re6
34. Be3 Rf8 35. Rf4 Rxf4 36. Nxf4 Re7 37. Kd2 Rf7 38. Ke2 b5 39. Ne6 Re7 40.
Ng5+ Kg7 41. f4 Kh6 42. Kf3 Kh5 43. e5 Kxh4 44. Bc5 Re8 45. e6 Kh5 46. e7 Kh6
47. Ke4 Kg7 48. Bd4+ Kg8 49. Bf6 Ra8 50. Ke5 1-0

[Event "Titled Tue 10th Jun Early"]
[Site "chess.com INT"]
[Date "2025.06.10"]
[Round "10"]
[White "Fernandes, Rogerio Paulo Muller"]
[Black "Yonal, Timur"]
[Result "0-1"]
[BlackTitle "FM"]
[WhiteElo "2241"]
[BlackElo "2170"]
[WhiteFideId "2101599"]
[BlackFideId "44115725"]
[EventDate "2025.06.10"]

1. c4 e5 2. g3 Nf6 3. Bg2 d5 4. cxd5 Nxd5 5. Nc3 Nb6 6. Nf3 Nc6 7. O-O Be7 8. d3
O-O 9. a3 Be6 10. Be3 f6 11. Rc1 Qd7 12. Na4 Nd4 13. Bxd4 exd4 14. Nc5 Bxc5 15.
Rxc5 c6 16. b4 Rfd8 17. a4 Nd5 18. Nxd4 Nxb4 19. Nxe6 Qxe6 20. a5 Rac8 21. Qb1
Na6 22. Rc2 Rc7 23. Rd1 c5 24. Qb5 Qd7 25. Qc4+ Kh8 26. Rb2 Nb4 27. d4 b6 28.
axb6 axb6 29. d5 b5 30. Qh4 Qd6 31. Be4 g5 32. Qh6 Ra8 33. Bf5 Qe5 34. Rbd2 Qxf5
35. d6 Rd7 36. h4 gxh4 37. Qxh4 c4 38. e4 Qe6 39. Rb1 c3 40. Rxb4 cxd2 41. Rd4
Rxd6 42. Rxd6 Qxd6 43. e5 d1=Q+ 44. Kh2 Qxe5 0-1